| 000 | 00588nam a2200169Ia 4500 | ||
|---|---|---|---|
| 008 | 240428s9999||||xx |||||||||||||| ||und|| | ||
| 020 | _a9780901787064 | ||
| 041 | _aeng | ||
| 082 | _a966.705 C1 | ||
| 100 | _aMbalia, Doreatha | ||
| 245 | 0 | _aKwame Nkrumah contributions to the African revolution | |
| 260 |
_bPanaf Books _aBedford _c2011 |
||
| 300 | _avi, 184 | ||
| 650 | _aNkrumah, Kwame, 1909-1972. - Presidents -- Ghana -- Biography. - Ghana -- Politics and government -- 1957-1979. - Nationalism -- Africa -- History -- 20th century. - Pan-Africanism. | ||
| 942 | _cBK | ||
| 999 |
_c245 _d245 |
||